Normal view
MARC view
- Eighmy,Taylor T.
Entry Personal Name
001 - CONTROL NUMBER
- control field: 1484
003 - CONTROL NUMBER IDENTIFIER
- control field: OSt
005 - DATE AND TIME OF LATEST TRANSACTION
- control field: 20160924140210.0
008 - FIXED-LENGTH DATA ELEMENTS
- fixed length control field: 160924|| aca||aabn | a|a d
040 ## - CATALOGING SOURCE
- Original cataloging agency: OSt
- Transcribing agency: OSt
100 ## - HEADING--PERSONAL NAME
- Personal name: Eighmy,Taylor T.
670 ## - SOURCE DATA FOUND
- Source citation: Work cat.: (OSt)4356: Chandler, John A . 1483, Municipal Solid Waste in Cinerator Residue , 1997.
